| 000 | 00440nam a22001337a 4500 | ||
|---|---|---|---|
| 020 | _a0-07-004230-6 | ||
| 082 | _a621.38153 BEC'D | ||
| 100 |
_aBECKER, PETER W,JENSON, FINN _975599 |
||
| 245 | _aDESIGN OF SYSTEMS AND CIRCUITS FOR MAXIMUM RELIABILITY OR MAXIMUM PRODUCTION YIELD | ||
| 260 |
_aNEWYORK _bMCGRAW HILL _c1977 |
||
| 300 | _a293P | ||
| 650 |
_aELECTRONIC CIRCUIT DESIGN ELECTRONIC APPARATUS AND APPLICATIONS _975600 |
||
| 942 | _cBK | ||
| 999 |
_c580995 _d580995 |
||